Statistics for All mario games

Click here to take the quiz!

General Stats

  • This quiz has been taken 20 times
  • The average score is 34 of 97

Answer Stats

YearConsoleGame% Correct
1985NESSuper Mario Bros
100%
1988NESSuper Mario Bros 2
85%
1988NESSuper Mario Bros 3
85%
1983ArcadeMario Bros
77%
1998N64Mario Party
69%
1996N64Super Mario 64
69%
1990SNESSuper Mario World
69%
1999N64Mario Golf
62%
2014Wii UMario Kart 8
62%
1999N64Mario Party 2
62%
2000N64Mario Party 3
62%
2002GamecubeMario Party 4
62%
2003GamecubeMario Party 5
62%
2005GamecubeMario Party 7
62%
2000N64Paper Mario
62%
1989GameboySuper Mario Land
62%
2017Nintendo SwitchSuper Mario Odyssey
62%
2002GamecubeSuper Mario Sunshine
62%
1996N64Mario Kart 64
54%
2003GamecubeMario Kart: Double Dash!!
54%
2004GamecubeMario Party 6
54%
2000N64Mario Tennis
54%
2013Wii USuper Mario 3D World
54%
1986NESSuper Mario Bros The Lost Levels
54%
2007WiiSuper Mario Galaxy
54%
2010WiiSuper Mario Galaxy 2
54%
20113DSMario Kart 7
46%
2017Nintendo SwitchMario Kart 8 Deluxe
46%
2005DSMario Kart DS
46%
2008WiiMario Kart Wii
46%
2007WiiMario Party 8
46%
2012WiiMario Party 9
46%
2006DSNew Super Mario Bros
46%
1992SNESSuper Mario Kart
46%
2018Nintendo SwitchSuper Mario Party
46%
1994CD-iHotel Mario
38%
2003GamecubeMario Golf: Toadstool Tour
38%
2015Wii UMario Party 10
38%
2007DSMario Party DS
38%
2004GamecubeMario Power Tennis
38%
1991MS-DOSMario Teaches Typing
38%
2012Wii UNew Super Mario Bros U
38%
2009WiiNew Super Mario Bros Wii
38%
20123DSPaper Mario Sticker Star
38%
20113DSSuper Mario 3D Land
38%
2004DSSuper Mario 64 DS
38%
2007WiiSuper Paper Mario
38%
20133DSMario Party Island Tour
31%
20163DSMario Party Star Rush
31%
2010WiiMario Sports Mix
31%
2018Nintendo SwitchMario Tennis Aces
31%
20123DSNew Super Mario Bros 2
31%
2016Wii UPaper Mario Color Splash
31%
2004GamecubePaper Mario The Thousand Year Door
31%
1993SNESSuper Mario All-Stars
31%
1992GameboySuper Mario Land 2: 6 Golden Coins
31%
2016iOSSuper Mario Run
31%
1999N64Super Smash Bros
31%
20143DSMario Golf World Tour
23%
2019MobileMario Kart Tour
23%
2005Game Boy AdvanceMario Party Advance
23%
20173DSMario Party The top 100
23%
2005GamecubeMario Superstar Baseball
23%
2020Nintendo SwitchSuper Mario 3D All Stars
23%
1999Gameboy ColorSuper Mario Bros Deluxe
23%
1996SNESSuper Mario RPG
23%
2018Nintendo SwitchSuper Smash Bros Ultimate
23%
2021/UnreleasedNintendo SwitchMario Golf Super Rush
15%
1993NESMario Is Missing!
15%
1995Virtual BoyMario's Tennis
15%
1993SNESMario's Time Machine
15%
2008WiiMario Super Sluggers
15%
1996WindowsMario Teaches Typing 2
15%
2015Wii UMario Tennis Ultra Smash
15%
2019Nintendo SwitchNew Super Mario Bros U Deluxe
15%
2020Nintendo SwitchPaper Mario The Origami King
15%
2001Game Boy AdvanceSuper Mario Advance
15%
2015Wii USuper Mario Maker
15%
2019Nintendo SwitchSuper Mario Maker 2
15%
2005GamecubeSuper Mario Strikers
15%
1995SNESSuper Mario World 2: Yoshi's Island
15%
2008WiiSuper Smash Bros Brawl
15%
2001GamecubeSuper Smash Bros Melee
15%
2006DSMario Hoops 3-on-3
8%
2017ArcadeMario Kart Arcade GP VR
8%
2005ArcadeMario Kart GP
8%
2020Nintendo SwitchMario Kart Live Home Circuit
8%
20173DSMario Sports Superstars
8%
2007WiiMario Strikers Charged
8%
20143DSSuper Smash Bros 3DS
8%
1998WindowsMario Fundamentals
0%
2004Gameboy AdvanceMario Golf Advance Tour
0%
2013ArcadeMario Kart Arcade GP DX
0%
2007ArcadeMario Kart GP 2
0%
2005Game Boy AdvanceMario Tennis Power Tour
0%
2014Wii USuper Smash Bros Wii U
0%
1994GameboyWario Land: Super Mario Land 3
0%

Score Distribution

Percentile by Number Answered

Percent of People with Each Score

Your Score History

You have not taken this quiz